Online
Catalog

Cívica 1 : (Record no. 53876)

MARC details
000 -CABECERA
campo de control de longitud fija 01616nam a2200337 i 4500
003 - IDENTIFICADOR DEL NÚMERO DE CONTROL
campo de control DO-SdBNP
005 - FECHA Y HORA DE LA ÚLTIMA TRANSACCIÓN
campo de control 20240306073903.0
007 - CAMPO FIJO DE DESCRIPCIÓN FÍSICA--INFORMACIÓN GENERAL
campo de control de longitud fija ta
008 - DATOS DE LONGITUD FIJA--INFORMACIÓN GENERAL
campo de control de longitud fija 091118s2000 dr ac 000 0 spa d
020 ## - NÚMERO INTERNACIONAL ESTÁNDAR DEL LIBRO
Número Internacional Estándar del Libro 848261326X
040 ## - FUENTE DE LA CATALOGACIÓN
Centro catalogador/agencia de origen DO-SdBNP
Lengua de catalogación spa
Centro/agencia transcriptor BNPHU
Normas de descripción rda
082 #4 - NÚMERO DE LA CLASIFICACIÓN DECIMAL DEWEY
Número de clasificación 373.832
Número de documento/Ítem M828c, 2020, 1er.
Número de edición 22
100 ## - ENTRADA PRINCIPAL--NOMBRE DE PERSONA
9 (RLIN) 29769
Nombre de persona Morales, Marcos,
Término indicativo de función/relación autor
245 00 - MENCIÓN DE TÍTULO
Título Cívica 1 :
Resto del título deberes y derechos de los dominicanos ; educación media, 1er curso / primer ciclo
Mención de responsabilidad, etc. Marcos Morales ; dirección editorial, Obdulia García de Escobar ; editora, Margarita Castro Catrain ; ilustraciones, Ruddy Núñez.
264 ## - PRODUCCIÓN, PUBLICACIÓN, DISTRIBUCIÓN, FABRICACIÓN Y COPYRIGHT
Producción, publicación, distribución, fabricación y copyright Santo Domingo :
Nombre del de productor, editor, distribuidor, fabricante Santillana,
Fecha de producción, publicación, distribución, fabricación o copyright 2000
300 ## - DESCRIPCIÓN FÍSICA
Extensión 119 páginas :
Otras características físicas ilustraciones, retratos ;
Dimensiones 28 cm.
336 ## - TIPO DE CONTENIDO
Fuente rdacontent
Término de tipo de contenido texto
Código de tipo de contenido txt
337 ## - TIPO DE MEDIO
Fuente rdamedia
Nombre/término del tipo de medio sin mediación
Código del tipo de medio n
338 ## - TIPO DE SOPORTE
Fuente rdacarrier
Nombre/término del tipo de soporte volumen
Código del tipo de soporte nc
490 ## - MENCIÓN DE SERIE
Mención de serie Ámbar
500 ## - NOTA GENERAL
Nota general Primero de bachillerato. 1er. curso / Primer ciclo
500 ## - NOTA GENERAL
Nota general Este libro ha sido realizado de conformidad con el currículum vigente y ha sido sometido a la aprobacin de la SEE
500 ## - NOTA GENERAL
Nota general La dignidad humana. Las personas y el derecho. Las personas y las instituciones. Las normas de las instituciones. El trabajo, la salud y la educación. Los movimientos sociales.
590 ## - NOTA LOCAL (RLIN)
Nota local Inventariado, 2023 /LP
650 #4 - PUNTO DE ACCESO ADICIONAL DE MATERIA--TÉRMINO DE MATERIA
Término de materia o nombre geográfico como elemento de entrada Educación cívica
Subdivisión geográfica República Dominicana
9 (RLIN) 77502
700 1# - PUNTO DE ACCESO ADICIONAL--NOMBRE DE PERSONA
Nombre de persona García Escobar, Obdulia de
Término indicativo de función/relación dirección editorial
9 (RLIN) 29220
700 1# - PUNTO DE ACCESO ADICIONAL--NOMBRE DE PERSONA
Nombre de persona Castro Catrain, Margarita,
Término indicativo de función/relación editora
9 (RLIN) 29221
700 1# - PUNTO DE ACCESO ADICIONAL--NOMBRE DE PERSONA
Nombre de persona Núñez, Ruddy,
Término indicativo de función/relación ilustraciones
9 (RLIN) 23171
910 ## - DATOS DE OPCIÓN DEL USUARIO (OCLC)
Datos de opción del usuario LoPérez/Validado. Control de calidad MFF
942 ## - ELEMENTOS DE PUNTO DE ACCESO ADICIONAL (KOHA)
Fuente del sistema de clasificación o colocación Dewey Decimal Classification
Tipo de ítem Koha Libro
Holdings
Estado de retiro Estado de pérdida Fuente del sistema de clasificación o colocación Restricciones de uso No para préstamo Código de colección Localización permanente Ubicación/localización actual Ubicación en estantería Fecha de adquisición Fuente de adquisición Signatura topográfica completa Código de barras Fecha visto por última vez Número de copia Precio válido a partir de Tipo de ítem Koha Total de préstamos
    Dewey Decimal Classification Excluido de préstamo   Patrimonio Escolar Biblioteca Nacional Pedro Henríquez Ureña Biblioteca Nacional Pedro Henríquez Ureña Depósito 21.06.2023 Donado por FUNDI BNPHU E-PD 373.832 M828c 2020 2023-2619 21.06.2023 1er 21.06.2023 Libro  
    Dewey Decimal Classification Excluido de préstamo   Patrimonio Escolar Biblioteca Nacional Pedro Henríquez Ureña Biblioteca Nacional Pedro Henríquez Ureña Depósito 21.06.2023 Donado por FUNDI BNPHU E-PD 373.832 M828c 2020 2023-2620 21.06.2023 1er, e.2 21.06.2023 Libro  
    Dewey Decimal Classification Préstamo en sala   Dominicana de Servicio Biblioteca Nacional Pedro Henríquez Ureña Biblioteca Nacional Pedro Henríquez Ureña Depósito 07.08.2023   BNPHU E-DS 373.832 M828c 2020 2023-5229 07.08.2023 1er, e.3 07.08.2023 Libro  
    Dewey Decimal Classification Préstamo en sala   Dominicana de Servicio Biblioteca Nacional Pedro Henríquez Ureña Biblioteca Nacional Pedro Henríquez Ureña Depósito 07.08.2023   BNPHU E-DS 373.832 M828c 2020 2023-5230 07.08.2023 1er, e.4 07.08.2023 Libro  
    Dewey Decimal Classification Préstamo en sala   Dominicana de Servicio Biblioteca Nacional Pedro Henríquez Ureña Biblioteca Nacional Pedro Henríquez Ureña Depósito 07.08.2023   BNPHU E-DS 373.832 M828c 2020 2023-5231 07.08.2023 1er, e.5 07.08.2023 Libro  

Powered by Koha